Capital, Accumulation, and Money : An Integration of Capital, Growth, and Monetary Theory /

Construcción de un concepto-raíz del capital, cuyo autor busca desarrollarlo en una forma que permita unificar y relacionar con consistencia los numerosos conceptos pre-existentes del capital.

Guardat en:
Dades bibliogràfiques
Autor principal: Taylor, Lester D. (autor)
Format: Llibre
Idioma:anglès
Publicat: Boston, EUA : Kluwer, 2004, c2000
Edició:2a edición
Matèries:
Etiquetes: Afegir etiqueta
Sense etiquetes, Sigues el primer a etiquetar aquest registre!

MARC

LEADER 00000nam^a2200000^a^4500
001 000182976
005 20250521000000.0
009 20260310102024.477
020 |a 0-7923-7781-8 
037 |a Acervo ITESO - Biblioteca 
041 |a ING 
082 |a 332. 041  |b TAY 
100 |a Taylor, Lester D.  |e (autor) 
245 1 0 |a Capital, Accumulation, and Money :  |b An Integration of Capital, Growth, and Monetary Theory /  |c L.D. Taylor. 
250 |a 2a edición 
264 4 |a Boston, EUA :  |b Kluwer,  |c 2004, c2000 
300 |a XVIII, 265 p. 
336 |a texto  |b txt  |2 rdacontenido 
337 |a sin mediación  |b n  |2 rdamedio 
338 |a volumen  |b nc  |2 rdasoporte 
520 |a Construcción de un concepto-raíz del capital, cuyo autor busca desarrollarlo en una forma que permita unificar y relacionar con consistencia los numerosos conceptos pre-existentes del capital. 
649 |a XX 
650 |a Teoría de la Acumulación 
650 |a Capital 
650 |a Dinero 
650 |a Inversiones 
650 |a Finanzas 
650 |a Desarrollo Económico-Social 
650 |a Macroeconomía 
650 |a Economía 
910 |a Fondo General 
920 |a Impresos - Libros 
930 |a Colección General 
905 |a 101 
901 |a 0500122999  |b IT1  |c ACC  |u 20250521 
902 |a https://opac.biblio.iteso.mx/vufind/Record/000182976